How Humans Evolved. (Record no. 7222)

MARC details
000 -LEADER
fixed length control field 00552nam a22001937a 4500
003 - CONTROL NUMBER IDENTIFIER
control field OSt
005 - DATE AND TIME OF LATEST TRANSACTION
control field 20210910121525.0
008 - FIXED-LENGTH DATA ELEMENTS--GENERAL INFORMATION
fixed length control field 210910b ||||| |||| 00| 0 eng d
020 ## - INTERNATIONAL STANDARD BOOK NUMBER
International Standard Book Number 9780393117783
040 ## - CATALOGING SOURCE
Transcribing agency DDC
082 ## - DEWEY DECIMAL CLASSIFICATION NUMBER
Classification number 599.938Boy2009
100 ## - MAIN ENTRY--PERSONAL NAME
Personal name Boyd,Robert ; Silk,Joan B.
9 (RLIN) 14845
245 ## - TITLE STATEMENT
Title How Humans Evolved.
Statement of responsibility, etc. Edited by Boyd,Robert and Silk,Joan B.
260 ## - PUBLICATION, DISTRIBUTION, ETC. (IMPRINT)
Place of publication, distribution, etc. USA
Name of publisher, distributor, etc. W.W. Norton & Company
Date of publication, distribution, etc. 2009
300 ## - PHYSICAL DESCRIPTION
Extent xxv,474p;
Other physical details ill;
Dimensions 27cm
504 ## - BIBLIOGRAPHY, ETC. NOTE
Bibliography, etc Includes; references and index.
650 ## - SUBJECT ADDED ENTRY--TOPICAL TERM
Topical term or geographic name as entry element Biology
9 (RLIN) 5602
942 ## - ADDED ENTRY ELEMENTS (KOHA)
Source of classification or shelving scheme Dewey Decimal Classification
Koha item type Open Shelf
Holdings
Withdrawn status Lost status Source of classification or shelving scheme Damaged status Not for loan Home library Current library Date acquired Source of acquisition Inventory number Total Checkouts Full call number Barcode Date last seen Price effective from Koha item type
    Dewey Decimal Classification     MUST Main Library MUST Main Library 10/09/2021 Donation 11/35059   599.938Boy2009 2021-1100 10/09/2021 10/09/2021 Open Shelf